Morse Code Speed Decoder - Statistics

General Stats
  • This quiz has been taken 555 times
  • The average score is 30 of 50
Answer Stats
Morse Code Letter / Number % Correct
−−−−− 0
100%
−−−−− 0
100%
−−−−− 0
100%
·−−−− 1
100%
·−−−− 1
100%
·−−−− 1
100%
··−−− 2
100%
··−−− 2
100%
··−−− 2
100%
··−−− 2
100%
···−− 3
100%
···−− 3
100%
····− 4
100%
····− 4
100%
····· 5
100%
····· 5
100%
−···· 6
100%
−−··· 7
100%
−−··· 7
100%
−−−·· 8
100%
−−−·· 8
100%
−−−−· 9
100%
−−−−· 9
100%
−−−−· 9
100%
·− A
100%
·− A
100%
·− A
100%
−··· B
100%
−··· B
100%
−··· B
100%
−·−· C
100%
−·−· C
100%
−·−· C
100%
−·−· C
100%
−·· D
100%
−·· D
100%
−·· D
100%
· E
100%
· E
100%
· E
100%
· E
100%
··−· F
100%
··−· F
100%
··−· F
100%
−−· G
100%
−−· G
100%
···· H
100%
···· H
100%
···· H
100%
···· H
100%
···· H
100%
···· H
100%
···· H
100%
·· I
100%
·· I
100%
·· I
100%
·−−− J
100%
·−−− J
100%
−·− K
100%
−·− K
100%
·−·· L
100%
·−·· L
100%
−− M
100%
−− M
100%
−− M
100%
−− M
100%
−− M
100%
−− M
100%
−− M
100%
−· N
100%
−· N
100%
−· N
100%
−· N
100%
−−− O
100%
−−− O
100%
·−−· P
100%
·−−· P
100%
·−−· P
100%
−−·− Q
100%
−−·− Q
100%
−−·− Q
100%
−−·− Q
100%
−−·− Q
100%
−−·− Q
100%
·−· R
100%
·−· R
100%
·−· R
100%
··· S
100%
··· S
100%
··· S
100%
T
100%
T
100%
T
100%
··− U
100%
··− U
100%
··− U
100%
··− U
100%
···− V
100%
·−− W
100%
−··− X
100%
−··− X
100%
−·−− Y
100%
−·−− Y
100%
−−·· Z
100%
−−·· Z
100%
·· I
90%
−−·· Z
89%
·− A
88%
·− A
88%
−·−· C
88%
···· H
88%
−− M
88%
−−− O
88%
·−· R
88%
·−· R
88%
··· S
88%
−·−− Y
88%
··−−− 2
86%
···−− 3
86%
−−··· 7
86%
−·· D
86%
· E
86%
··−· F
86%
·· I
86%
·· I
86%
−− M
86%
−−− O
86%
−−− O
86%
··· S
86%
···− V
86%
−·−− Y
86%
−−·· Z
86%
····· 5
83%
····· 5
83%
····· 5
83%
····· 5
83%
−−··· 7
83%
−−−·· 8
83%
−−−·· 8
83%
−−−−· 9
83%
·− A
83%
·− A
83%
−·−· C
83%
−·· D
83%
· E
83%
··−· F
83%
·· I
83%
·−−· P
83%
·−−· P
83%
·−· R
83%
··· S
83%
··· S
83%
··− U
83%
··− U
83%
···− V
83%
·−− W
83%
·−− W
83%
·−−−− 1
80%
·−−−− 1
80%
··−−− 2
80%
···−− 3
80%
····− 4
80%
····· 5
80%
−−··· 7
80%
·− A
80%
−··· B
80%
−·−· C
80%
−·−· C
80%
· E
80%
· E
80%
· E
80%
··−· F
80%
··−· F
80%
−−· G
80%
·· I
80%
·· I
80%
·−·· L
80%
·−·· L
80%
−· N
80%
−−− O
80%
−−− O
80%
·−−· P
80%
−−·− Q
80%
·−· R
80%
··· S
80%
··· S
80%
··· S
80%
T
80%
··− U
80%
·−− W
80%
−··− X
80%
−··− X
80%
−··− X
80%
−··− X
80%
−·−− Y
80%
−−·· Z
80%
−−−−− 0
78%
−···· 6
78%
·· I
78%
−−·− Q
78%
··− U
78%
···− V
78%
−−−−− 0
75%
−−−−− 0
75%
·−−−− 1
75%
·−−−− 1
75%
·−−−− 1
75%
···−− 3
75%
···−− 3
75%
···−− 3
75%
····− 4
75%
····· 5
75%
−···· 6
75%
−···· 6
75%
−···· 6
75%
−−−·· 8
75%
−−−−· 9
75%
−−−−· 9
75%
−−−−· 9
75%
−−−−· 9
75%
·− A
75%
·− A
75%
−··· B
75%
−·−· C
75%
−·· D
75%
· E
75%
· E
75%
· E
75%
···· H
75%
···· H
75%
·−−− J
75%
·−−− J
75%
·−−− J
75%
−·− K
75%
−·− K
75%
−·− K
75%
−·− K
75%
·−·· L
75%
−− M
75%
−· N
75%
−· N
75%
−−− O
75%
−−− O
75%
·−−· P
75%
·−−· P
75%
−−·− Q
75%
−−·− Q
75%
−−·− Q
75%
·−· R
75%
T
75%
T
75%
T
75%
T
75%
T
75%
··− U
75%
···− V
75%
···− V
75%
−··− X
75%
−·−− Y
75%
−−·· Z
75%
····· 5
73%
··· S
73%
−−−−− 0
71%
−−−−− 0
71%
·−−−− 1
71%
···−− 3
71%
···−− 3
71%
···−− 3
71%
····− 4
71%
····− 4
71%
····· 5
71%
··−· F
71%
−−· G
71%
−·− K
71%
·−−· P
71%
·−−· P
71%
·−· R
71%
··· S
71%
−·−− Y
71%
−·−− Y
71%
−−·· Z
71%
··−−− 2
70%
−· N
70%
−· N
70%
··· S
70%
··· S
70%
−··− X
70%
−−−−− 0
67%
−−−−− 0
67%
·−−−− 1
67%
··−−− 2
67%
···−− 3
67%
····− 4
67%
−···· 6
67%
−···· 6
67%
−−··· 7
67%
−−··· 7
67%
−−−·· 8
67%
−−−·· 8
67%
−−−·· 8
67%
·− A
67%
·− A
67%
·− A
67%
·− A
67%
−··· B
67%
−··· B
67%
−··· B
67%
−·−· C
67%
−·−· C
67%
−·−· C
67%
−·· D
67%
−·· D
67%
· E
67%
· E
67%
··−· F
67%
··−· F
67%
−−· G
67%
−−· G
67%
−−· G
67%
−−· G
67%
−−· G
67%
···· H
67%
···· H
67%
···· H
67%
···· H
67%
···· H
67%
·· I
67%
·−−− J
67%
·−−− J
67%
·−−− J
67%
·−−− J
67%
·−−− J
67%
−·− K
67%
−·− K
67%
−·− K
67%
−·− K
67%
−− M
67%
−· N
67%
−−− O
67%
·−−· P
67%
·−−· P
67%
·−· R
67%
·−· R
67%
··· S
67%
··· S
67%
··· S
67%
T
67%
T
67%
T
67%
T
67%
T
67%
··− U
67%
···− V
67%
···− V
67%
···− V
67%
·−− W
67%
·−− W
67%
·−− W
67%
−··− X
67%
−··− X
67%
−·−− Y
67%
−·−− Y
67%
−·−− Y
67%
−·−− Y
67%
−−·· Z
67%
−···· 6
64%
·−−−− 1
63%
−−−·· 8
63%
−·−· C
63%
−·· D
63%
−·· D
63%
···· H
63%
·−·· L
63%
·−·· L
63%
·−·· L
63%
−− M
63%
−− M
63%
−−− O
63%
T
63%
···− V
63%
·−− W
63%
−·−− Y
63%
−·−− Y
63%
−−−−− 0
60%
·−−−− 1
60%
·−−−− 1
60%
··−−− 2
60%
··−−− 2
60%
····− 4
60%
····− 4
60%
····− 4
60%
····− 4
60%
····− 4
60%
····· 5
60%
····· 5
60%
−···· 6
60%
−···· 6
60%
−−−·· 8
60%
−··· B
60%
−·−· C
60%
−·· D
60%
−·· D
60%
−−· G
60%
···· H
60%
−·− K
60%
−·− K
60%
−− M
60%
−−− O
60%
·−−· P
60%
·−−· P
60%
−−·− Q
60%
·−· R
60%
·−· R
60%
·−· R
60%
··· S
60%
··− U
60%
·−− W
60%
·−− W
60%
−··− X
60%
−··− X
60%
−·−− Y
60%
−·−− Y
60%
−·−− Y
60%
−−·· Z
60%
−−·· Z
60%
−−·· Z
60%
··−−− 2
57%
···−− 3
57%
····− 4
57%
−−··· 7
57%
−−··· 7
57%
−−−·· 8
57%
−−−−· 9
57%
−−−−· 9
57%
−−−−· 9
57%
−·−· C
57%
· E
57%
· E
57%
··−· F
57%
·−−− J
57%
·−·· L
57%
−· N
57%
−· N
57%
−−− O
57%
·−· R
57%
·−· R
57%
··− U
57%
··− U
57%
·−− W
57%
·−− W
57%
−·−− Y
57%
−−·· Z
57%
····· 5
56%
−−−·· 8
56%
−·· D
56%
·· I
56%
·· I
56%
−·− K
56%
−−··· 7
55%
·−−− J
55%
−−−−− 0
50%
−−−−− 0
50%
−−−−− 0
50%
−−−−− 0
50%
·−−−− 1
50%
·−−−− 1
50%
·−−−− 1
50%
··−−− 2
50%
··−−− 2
50%
··−−− 2
50%
···−− 3
50%
···−− 3
50%
···−− 3
50%
····− 4
50%
····− 4
50%
····− 4
50%
····− 4
50%
····− 4
50%
····· 5
50%
····· 5
50%
−···· 6
50%
−−··· 7
50%
−−··· 7
50%
−−··· 7
50%
−−−·· 8
50%
−−−·· 8
50%
−−−·· 8
50%
−−−·· 8
50%
−−−−· 9
50%
−−−−· 9
50%
·− A
50%
·− A
50%
·− A
50%
−··· B
50%
−··· B
50%
−··· B
50%
−··· B
50%
−··· B
50%
−·−· C
50%
−·−· C
50%
−·−· C
50%
−·· D
50%
−·· D
50%
−·· D
50%
· E
50%
· E
50%
· E
50%
··−· F
50%
··−· F
50%
−−· G
50%
−−· G
50%
−−· G
50%
−−· G
50%
−−· G
50%
−−· G
50%
···· H
50%
·· I
50%
·· I
50%
·· I
50%
·· I
50%
·−−− J
50%
·−−− J
50%
·−−− J
50%
·−−− J
50%
·−−− J
50%
−·− K
50%
−·− K
50%
−·− K
50%
·−·· L
50%
−− M
50%
−− M
50%
−− M
50%
−· N
50%
−· N
50%
−· N
50%
−−− O
50%
−−− O
50%
−−− O
50%
−−− O
50%
·−−· P
50%
·−−· P
50%
−−·− Q
50%
−−·− Q
50%
·−· R
50%
··· S
50%
T
50%
T
50%
··− U
50%
··− U
50%
··− U
50%
···− V
50%
···− V
50%
···− V
50%
···− V
50%
···− V
50%
···− V
50%
·−− W
50%
−··− X
50%
−··− X
50%
−··− X
50%
−··− X
50%
−··− X
50%
−−·· Z
50%
−−·· Z
50%
−−·· Z
50%
−···· 6
44%
−···· 6
44%
−−−·· 8
44%
−−−−− 0
43%
·−−−− 1
43%
··−−− 2
43%
····· 5
43%
−−··· 7
43%
−−−−· 9
43%
−·−· C
43%
−−· G
43%
·−·· L
43%
−−−−− 0
40%
·−−−− 1
40%
·−−−− 1
40%
··−−− 2
40%
··−−− 2
40%
···−− 3
40%
····− 4
40%
−−−−· 9
40%
·− A
40%
−·· D
40%
·· I
40%
·−−− J
40%
−·− K
40%
·−·· L
40%
−− M
40%
−− M
40%
·−−· P
40%
·−−· P
40%
−−·− Q
40%
T
40%
T
40%
··− U
40%
···− V
40%
·−− W
40%
·−− W
40%
·−− W
40%
·−− W
40%
−··− X
40%
−·−− Y
40%
−−·· Z
40%
−−··· 7
38%
−·− K
38%
−−·− Q
38%
−−−−− 0
33%
−−−−− 0
33%
·−−−− 1
33%
··−−− 2
33%
···−− 3
33%
···−− 3
33%
····· 5
33%
····· 5
33%
−···· 6
33%
−−··· 7
33%
−−··· 7
33%
−−··· 7
33%
−−−−· 9
33%
−··· B
33%
−··· B
33%
−·· D
33%
−·· D
33%
··−· F
33%
··−· F
33%
··−· F
33%
··−· F
33%
··−· F
33%
··−· F
33%
−−· G
33%
−−· G
33%
···· H
33%
···· H
33%
·· I
33%
−·− K
33%
·−·· L
33%
·−·· L
33%
·−·· L
33%
−· N
33%
−· N
33%
−· N
33%
−· N
33%
··− U
33%
··− U
33%
·−− W
33%
−−·· Z
33%
−−·· Z
33%
−··· B
29%
··−· F
29%
−− M
29%
·−−· P
29%
−−·− Q
29%
···− V
29%
··−−− 2
25%
−−··· 7
25%
−−−·· 8
25%
· E
25%
·−·· L
25%
·−·· L
25%
−−− O
25%
·−· R
25%
··− U
25%
···− V
25%
···− V
25%
··−−− 2
20%
····− 4
20%
−···· 6
20%
−−−−· 9
20%
·− A
20%
·−−− J
20%
·−·· L
20%
·−·· L
20%
·−−· P
20%
−−·− Q
20%
−−·− Q
20%
·−· R
20%
T
20%
−·−− Y
20%
−−−·· 8
18%
····· 5
17%
−···· 6
17%
·−·· L
17%
−−·· Z
17%
−−−−− 0
0%
···−− 3
0%
···−− 3
0%
····· 5
0%
−···· 6
0%
−···· 6
0%
−···· 6
0%
−···· 6
0%
−−··· 7
0%
−−−·· 8
0%
−−−−· 9
0%
−−−−· 9
0%
−−−−· 9
0%
·− A
0%
−··· B
0%
−··· B
0%
−··· B
0%
−·−· C
0%
−·· D
0%
−−· G
0%
·· I
0%
·−−− J
0%
−· N
0%
−−− O
0%
−−− O
0%
−−·− Q
0%
·−· R
0%
··· S
0%
·−− W
0%
·−− W
0%
−··− X
0%
−··− X
0%
−−·· Z
0%
No matching quizzes found
Score Distribution
Percent of People with Each Score
Percentile by Number Answered
Your Score History
You have not taken this quiz